Development of women's education in Uttar Pradesh since independence with special reference to Varanasi (Record no. 12623)

MARC details
000 -LEADER
fixed length control field 00428nam a2200133Ia 4500
082 ## - DEWEY DECIMAL CLASSIFICATION NUMBER
Classification number TL.0038
100 ## - MAIN ENTRY--AUTHOR NAME
Personal name Leela Kumari
245 #0 - TITLE STATEMENT
Title Development of women's education in Uttar Pradesh since independence with special reference to Varanasi
260 ## - PUBLICATION, DISTRIBUTION, ETC. (IMPRINT)
Year of publication 1984
Name of publisher Banaras Hindu University
300 ## - PHYSICAL DESCRIPTION
Number of Pages 288p. + C D - 44
650 ## - SUBJECT ADDED ENTRY--TOPICAL TERM
Topical Term WOMEN - EDUCATION - UTTAR PRADESH - VARANASI
710 ## - ADDED ENTRY--CORPORATE NAME
Corporate name or jurisdiction name as entry element Varshney, Sarojini
942 ## - ADDED ENTRY ELEMENTS (KOHA)
Koha item type Thesis
Source of classification or shelving scheme Dewey Decimal Classification
Holdings
Withdrawn status Lost status Damaged status Not for loan Home library Current library Date acquired Bill Date Full call number Accession Number Price effective from Koha item type
        NASSDOC Library NASSDOC Library 08/10/2004 2004-10-22 TL.0038 19013 18/04/2019 Thesis